Những vấn đề địa chất Tây Bắc Việt Nam

Shranjeno v:
Bibliografske podrobnosti
Glavni avtor: Tổng cục địa chất
Format: Knjiga
Jezik:Undetermined
Izdano: Hà Nội KHKT 1977
Teme:
Oznake: Označite
Brez oznak, prvi označite!
Thư viện lưu trữ: Trung tâm Học liệu Trường Đại học Cần Thơ
LEADER 00515nam a2200169Ia 4500
001 CTU_10127
008 210402s9999 xx 000 0 und d
082 |a 555.97 
082 |b Nh556 
100 |a Tổng cục địa chất 
245 0 |a Những vấn đề địa chất Tây Bắc Việt Nam 
245 0 |c Tổng cục địa chất 
260 |a Hà Nội 
260 |b KHKT 
260 |c 1977 
650 |a vietnam - geography 
980 |a Trung tâm Học liệu Trường Đại học Cần Thơ